Catalogue of the magnificent assemblage of property at Erlestoke Mansion near Devizes, in Wilts (Record no. 113990)

MARC details
000 -LEADER
fixed length control field 00928cam a22001935a 4500
001 - CONTROL NUMBER
control field L156028
008 - FIXED-LENGTH DATA ELEMENTS--GENERAL INFORMATION
fixed length control field 120425s1832 xxk f 000 0 eng d
035 ## - SYSTEM CONTROL NUMBER
System control number (Sirsi) u156028
041 0# - LANGUAGE CODE
Language code of text/sound track or separate title eng
245 00 - TITLE STATEMENT
Title Catalogue of the magnificent assemblage of property at Erlestoke Mansion near Devizes, in Wilts
Remainder of title accumulated, within this far-famed abode of taste and vertu, during the last twenty years, at an enormous expense, the whole selected by George Watson Taylor, Esq. M.P. ... which will be sold by auction, by Mr. George Robins, on the premises, on Monday, the 9th day of July, 1832 ...
260 ## - PUBLICATION, DISTRIBUTION, ETC.
Place of publication, distribution, etc. [London
Name of publisher, distributor, etc. G. Robins
Date of publication, distribution, etc. 1832]
300 ## - PHYSICAL DESCRIPTION
Extent 220 p., [1] leaf of plates
Other physical details ill.
Dimensions 28 cm.
583 ## - ACTION NOTE
Action Condition reviewed
Time/date of action 20120620
Status condition level 4
651 #4 - SUBJECT ADDED ENTRY--GEOGRAPHIC NAME
Geographic name Great Britain
Chronological subdivision 1707-
690 ## - LOCAL SUBJECT ADDED ENTRY--TOPICAL TERM (OCLC, RLIN)
Topical term or geographic name as entry element Auctioneering
9 (RLIN) 6218
700 1# - ADDED ENTRY--PERSONAL NAME
Personal name Watson-Taylor, George
Dates associated with a name d. 1841
700 1# - ADDED ENTRY--PERSONAL NAME
Personal name Robins, George Henry
Dates associated with a name 1778-1847
942 ## - ADDED ENTRY ELEMENTS (KOHA)
Suppress in OPAC 0
Holdings
Withdrawn status Lost status Damaged status Not for loan Home library Current library Shelving location Date acquired Total Checkouts Full call number Barcode Date last seen Copy number Price effective from Koha item type
        Historic collection Historic collection Missing 25/04/2012   QUARTO 1832 CATALOGUE 30077906 06/08/2019 1 06/08/2019 Book